| 000 | 00600nam a2200181Ia 4500 | ||
|---|---|---|---|
| 008 | 151202s9999||||xx |||||||||||||| ||und|| | ||
| 082 | _bPNVM-7302 | ||
| 100 | _aदुर्गाप्रसाद. | ||
| 245 | _aकाव्यमाला-भा.5. | ||
| 260 | _b"पांडुरंग जावजी,मुंबई." | ||
| 260 | _c1937 | ||
| 300 | _a187 | ||
| 600 | _aदुर्गाप्रसाद. | ||
| 630 | _aकाव्यमाला-भा.5. | ||
| 700 | _aदुर्गाप्रसाद. | ||
| 730 | _aकाव्यमाला-भा.5. | ||
| 942 | _cBOOK | ||
| 999 |
_c1273294 _d1273291 |
||